000 00448nam a2200157Ia 4500
008 160316s1998 xxu||||| |||| 00| 0 eng d
082 _a346.096000
_bKHE
100 _aKhergamvala J S
245 _aThe negotiable instruments act (Act - xxvi of 1881 as modified up-to-date)
250 _a8th
260 _aNew Delhi
_bButterworths
_c1998
300 _a348p
_b
_c
365 _b
650 _a1.Negotiable Instument Act - Commentary
700 _a
_a
999 _c20338
_d20338